Guess the Artist by Their Most Famous Song #2 - Statistics

General Stats
  • This quiz has been taken 131 times
  • The average score is 9 of 17
Answer Stats
Song Answer % Correct
Billie Jean Michael Jackson
96%
The Lazy Song Bruno Mars
84%
What Makes You Beautiful One Direction
73%
StarBoy The Weeknd
66%
Take On Me a-ha
64%
Sugar Maroon 5
62%
Counting Stars One Republic
59%
Hotline Bling Drake
56%
Wake Me Up Avicii
51%
Faded Alan Walker
50%
Uptown Funk Mark Ronson
44%
Something Just Like This Coldplay
42%
November Rain Guns N' Roses
42%
Let Her Go Passenger
42%
Alone Marshmello
20%
Don't Let Me Down The Beatles
16%
I Can Only Imagine MercyMe
9%
No matching quizzes found
Score Distribution
Percent of People with Each Score
Percentile by Number Answered
Your Score History
You have not taken this quiz